Computer Networks / (Record no. 202)

MARC details
000 -LEADER
fixed length control field 00549cac a22001691u 4500
008 - FIXED-LENGTH DATA ELEMENTS--GENERAL INFORMATION
fixed length control field 081106s2003 nju|||||r|||| 001 0 eng d
020 ## - INTERNATIONAL STANDARD BOOK NUMBER
International Standard Book Number 0130384887
082 00 - DEWEY DECIMAL CLASSIFICATION NUMBER
Classification number 004.6
Item number TAN
Edition number 22
100 ## - MAIN ENTRY--PERSONAL NAME
Personal name Tanenbaum, Andrew S.,
9 (RLIN) 9633
245 10 - TITLE STATEMENT
Title Computer Networks /
Statement of responsibility, etc Andrew S. Tanenbaum.
250 ## - EDITION STATEMENT
Edition statement 4th ed.
260 ## - PUBLICATION, DISTRIBUTION, ETC. (IMPRINT)
Place of publication, distribution, etc Upper Saddle River, NJ :
Name of publisher, distributor, etc Pearson Education,
Date of publication, distribution, etc c2003.
300 ## - PHYSICAL DESCRIPTION
Extent xx, 891 p. :
Other physical details ill. ;
Dimensions 25 cm.
504 ## - BIBLIOGRAPHY, ETC. NOTE
Bibliography, etc Includes bibliographical references and index.
650 #0 - SUBJECT ADDED ENTRY--TOPICAL TERM
Topical term or geographic name as entry element Computer networks.
9 (RLIN) 9634
942 ## - ADDED ENTRY ELEMENTS (KOHA)
Item type Book - Borrowing
Call number prefix 004.6 TAN
Source of classification or shelving scheme Dewey Decimal Classification
Holdings
Withdrawn status Item status Source of classification or shelving scheme Damaged status Not for loan Vendor Home library Current library Shelving location Date acquired Source of acquisition Cost, normal purchase price Total Checkouts Total Renewals Full call number Barcode Date last seen Date last borrowed Cost, replacement price Koha item type
    Dewey Decimal Classification       Central Library Central Library Lower Floor 09/02/2006   350.00 6 25 004.6 TAN 000004526 15/07/2025 06/06/2011 437.50 Book - Borrowing
    Dewey Decimal Classification       Central Library Central Library Lower Floor 06/11/2008   350.00 4 33 004.6 TAN 000003976 15/07/2025 24/09/2014 437.50 Book - Borrowing
    Dewey Decimal Classification       Central Library Central Library Lower Floor 06/11/2008   350.00 9 11 004.6 TAN 000013631 15/07/2025 10/08/2011 437.50 Book - Borrowing
    Dewey Decimal Classification     Baccah Central Library Central Library Lower Floor 05/11/2009   350.00 6 26 004.6 TAN 000018875 15/07/2025 06/03/2019 437.50 Book - Borrowing
    Dewey Decimal Classification     Baccah Central Library Central Library Lower Floor 25/11/2009   350.00 3 40 004.6 TAN 000019113 15/07/2025 27/09/2012 437.50 Book - Borrowing
    Dewey Decimal Classification     Baccah Central Library Central Library Lower Floor 25/11/2009   350.00 5 16 004.6 TAN 000019114 15/07/2025 11/09/2013 437.50 Book - Borrowing
    Dewey Decimal Classification     Baccah Central Library Central Library Lower Floor 25/11/2009   350.00     004.6 TAN 000014116 15/07/2025   437.50 NB - Book (Non borrowing)